Brand-Generic Drugs Quiz Stats

 Plays Quiz not verified by Sporcle

Score 0/145 Timer 10:00
0 Plays Today
Generic Name Brand Name % Correct
Acetaminophen with CodeineTylenol
76.4%
AlprazolamXanax
75.2%
Amlodipine BesylateNorvasc
70.7%
Amoxicillin with Clavulanate PotassiumAugmentin
66.9%
Atorvastatin CalciumLipitor
66.9%
Ciprofloxacin HCLCipro
66.2%
Citalopram HBrCelexa
65.6%
Albuterol SulfateProventil
65%
AripiprazoleAbilify
65%
CelecoxibCelebrex
65%
Amoxicillin TrihydrateAmoxil
63.7%
FurosemideLasix
62.4%
Amphetamine with Dextroamphetamine SaltsAdderall
61.8%
AtenololTenormin
59.2%
CarisoprodolSoma
59.2%
Fluticasone Propionate(nasal)Flonase
59.2%
CarvedilolCoreg
58%
Clopidogrel BisulfatePlavix
57.3%
Esomeprazole MagnesiumNexium
57.3%
Alendronate SodiumFosamax
56.7%
GabapentinNeurontin
56.7%
Buspirone HCLBuspar
54.8%
DiazepamValium
54.1%
Hydrocodone Bitartate w/ AcetaminophenLortab
54.1%
Azithromycin DihydrateZithromax
53.5%
Amitriptylene HCLElavil
52.2%
Fluoxetine HCLProzac
51%
Buproprion HCLWellbutrin
49%
Cyclobenzaprine HCLAmrix
49%
ClonazepamKlonopin
48.4%
AcyclovirZovirax
47.1%
IbuprofenMotrin
47.1%
Duloxetine HCLCymbalta
45.9%
AllopurinolZyloprim
45.2%
Butalbital, Acetaminophen, & CaffieneFioricet
44.6%
Escitalopram OxalateLexapro
43.9%
CefdinirOmnicef
42.7%
Fexofenadine HCLAllegra
42.7%
EzetimibeZetia
42%
Insulin GlargineLantus
41.4%
CarbamazepineTegretol
40.8%
DigoxinLanoxin
40.8%
DiltiazemCardizem
40.8%
Insulin LisproHumalog
40.8%
Carbidopa w/ LevodopaSinemet
40.1%
Fluticasone Proprionate w/ Salmeterol XinafoateAdvair
40.1%
BenzonatateTessalon
39.5%
Clindamycin HCl(oral)Cleocin
39.5%
EszopicloneLunesta
39.5%
Generic Name Brand Name % Correct
FamotidinePepcid
38.9%
Ciprofloxacin w/ Dexamethasone(otic)CiproDex
37.6%
ClarithromycinBiaxin
36.9%
Divalproex SodiumDepakote
36.9%
FluconazoleDiflucan
36.9%
AmiodaroneCordarone
36.3%
Donepezil HCLAricept
36.3%
Insulin AspartNovolog
35.7%
Clonidine HCLCatapres
35%
Estrogens(conjugated)Premarin
35%
Drospirenone and Ethinyl EstradiolYasmin
33.8%
FinasterideProscar
32.5%
Amlodipine Besylate with Benazepril HCLLotrel
31.8%
GlimepirideAmaryl
31.2%
Fentanyl(transdermal)Duragesic
30.6%
GlyburideMicronase
30.6%
AdapaleneDifferin
29.3%
BumetanideBumex
29.3%
Cefuroxime Axetil(oral)Ceftin
29.3%
Diphenoxylate HCl w/ Atropine SulfateLomotil
29.3%
Diclofenac SodiumVoltaren
28.7%
Fluticasone Propionate MDIFlovent
28.7%
GlipizideGlucotrol
28.7%
Bupenorphine w/ NaloxoneSuboxone
28%
GemfibrozilLopid
28%
Hydrocodone Bitartate w/ IbuprofenVicoprofen
28%
Ibandronate SodiumBoniva
28%
Candesartan CilexitilAtacand
27.4%
FenofibrateTricor
27.4%
Benazepril HCLLotensin
26.8%
ChlorhexidinePeridex
26.8%
DesloratidineClarinex
26.8%
Enalapril MaleateVasotec
26.8%
Ezetimibe w/ SimvastatinVytorin
26.1%
Hydroxyzine HydrochlorideAtarax
25.5%
InsulinHumulin
25.5%
Doxazosin MesylateCardura
24.8%
Atomoxetine HClStrattera
24.2%
Chlorpheniramine w/ HydrocodoneTussionex
24.2%
Dorzolamide HCL w/ Timolol MaleateCosopt
23.6%
Fexofenadine HCL w/ Pseudoephedrine HCLAllegra-D
23.6%
Dicyclomine HCLBentyl
22.9%
Atenolol with ChlorthalidoneTenoretic
22.3%
Budesonide(Inhalation)Pulmicort
22.3%
Cyclosporine Emulsion(Opthalmic)Restasis
22.3%
AnastrozoleArimidex
21.7%
Doxycyline HyclateVibramycin
20.4%
ColchicineColcrys
19.7%
ExenatideByetta
19.7%
Generic Name Brand Name % Correct
IrbesartanAvapro
19.7%
Benztropine MesylateCogentin
19.1%
BaclofenLioresal
18.5%
EstradiolEstrace
18.5%
Ipratroprium Bromide w/ Albuterol Sulfate MDICombivent
18.5%
Clotrimazole w/ Betamethasone DiproprionateLotrisone
17.8%
Etonogestrel and Ethinyl Estradiol(vaginal)NuvaRing
17.8%
EtodoloacLodine
17.2%
Hydroxychloroquine SulfatePlaquenil
17.2%
Azelastine HClAstelin
16.6%
DutasterideAvodart
16.6%
IndomethacinIndocin
16.6%
Ipratroprium Bromide w/ Albuterol Sulfate solutionDuoNeb
16.6%
BimatoprostLumigan
15.9%
Glyburide w/ Metformin HCLGlucovance
15.9%
DexamethasoneDecadron
15.3%
Dexmethylphenidate HCLFocalin
15.3%
Bisoprolol Fumarate with HCTZZiac
14%
DiltiazemTiazac
13.4%
Estrogens(conjugated) w/ Medroxyprogesterone AcetatePrempro
13.4%
AspirinNone
12.7%
Folic AcidGeneric Only
12.7%
Hydroxyzine PamoateVistaril
12.7%
Benazepril HCL with HCTZLotensin HCT
12.1%
Codeine Phosphate w/ GuafenesinMytussin AC
12.1%
Doxepin HCLSinequan
12.1%
Fosinopril SodiumMonopril
12.1%
Hydralazine HCLApresoline
12.1%
FelodipinePlendil
11.5%
Ferrous SulfateSlow FE
11.5%
ChlorhexidinePeriogard
10.2%
Clindamycin Phosphate(topical)Cleocin T
10.2%
Irbesartan w/ HCTZAvalide
10.2%
Estradiol(Topical)Vivelle-Dot
9.6%
Brimonidine TartrateAlphagan P
8.3%
Clobetasol Propionate(topical)Temovate
7.6%
Budesonide(Nasal)Rhinocort Aqua
7%
CarbamazepineCarbatrol
6.4%
Flucionide(topical)Lidex
6.4%
Gatifloxacin(opthalmic)Zymar
6.4%
Desogestrel w/ Ethinyl EstradiolDeogen
5.7%
Desogestrel w/ Ethinyl EstradiolMircette
5.1%
HydrochlorothiazideHydroDuril
4.5%
Erythromycin(opthalmic)Ilotycin
3.2%
Fluticasone Furoate(nasal)Veramyst
3.2%
Hyocosamine SulfateLevsin
3.2%
Hydrocodone ValerateWestcort
2.5%

You're not logged in!

Compare scores with friends on all Sporcle quizzes.
OR
Log In

Show Comments

Extras

Created Nov 24, 2010ReportNominate
Tags:drug, pharmacy

Top Quizzes Today


Score Distribution

Your Account Isn't Verified!

In order to create a playlist on Sporcle, you need to verify the email address you used during registration. Go to your Sporcle Settings to finish the process.

Report this User

Report this user for behavior that violates our Community Guidelines.

Details: